California, the golden shore by the sundown sea /

Bibliographic Details
Main Author: Hutchinson, W. H. (William Henry), 1910-1990
Format: Book
Language:English
Published: Palo Alto, Calif. : Star Pub. Co., [1980]
Subjects:

MARC

Tag First Indicator Second Indicator Subfields
LEADER 00000cam a2200000 a 4500
001 in00000079055
005 20151008055218.0
008 800926s1980 cauab b 00110 eng d
020 |a 0898630231 
035 |a (OCoLC)06759485 
035 |9 AAJ2840AM 
040 |a CCH  |c CCH  |d TXA  |d UtOrBLW 
043 |a n-us-ca 
049 |a TXAM  |c [1655082] 
090 |a F866.2  |b .H97 
100 1 |a Hutchinson, W. H.  |q (William Henry),  |d 1910-1990. 
245 1 0 |a California, the golden shore by the sundown sea /  |c W.H. Hutchinson. 
264 1 |a Palo Alto, Calif. :  |b Star Pub. Co.,  |c [1980] 
264 4 |c ©1980 
300 |a 350 pages :  |b illustrations, maps ;  |c 24 cm. 
336 |a text  |b txt  |2 rdacontent 
337 |a unmediated  |b n  |2 rdamedia 
338 |a volume  |b nc  |2 rdacarrier 
500 |a Includes index. 
504 |a Bibliography: pages 343-344. 
651 0 |a California  |x Description and travel. 
651 0 |a California  |x History. 
999 |a MARS 
999 f f |s b0c7586d-17b9-387d-b788-47d0be169f1f  |i 95937cba-5291-3ad4-9edb-6315e4e894b9  |t 0 
952 f f |p ric  |a Texas A&M University  |b Rellis Campus  |c Joint Library Facility  |d Remote Storage  |t 0  |e F866.2 .H97  |h Library of Congress classification  |i unmediated -- volume  |m A14806110567 
998 f f |a F866.2 .H97  |t 0  |l Remote Storage